Statistics for Mega Man I-V

Click here to take the quiz!

General Stats

  • This quiz has been taken 22 times
  • The average score is 23 of 41

Answer Stats

HintAnswer% Correct
What is the subtitle for Mega Man I?Dr. Wily's Revenge
81%
What platform were Mega Man I-V originally released on?Nintendo Gameboy
81%
Which ^ weaves around the room throwing bombs?Ballade
75%
What new weapon allows Mega Man to shoot his fist forward?Mega Arm
75%
Which ^ can turn himself into a buzzsaw?Punk
75%
Which ^ bounces on a pogo stick?Quint
75%
Which ^ absorbs energy through his lance and fires it back?Enker
69%
Who spends a lot of time on the ceiling throwing electricity?Jupiter
69%
Who has a big gun coming out of his forehead?Mars
69%
Who can turn himself into a liquid?Mercury
69%
Who throws a giant ring at you?Saturn
69%
What term refers to Robot Masters from outer space in Mega Man V?Star Droids
69%
Who is impervious to all weapons at first?Terra
69%
Who can move blocks just by jumping?Uranus
69%
Who shoots delicate but deadly bombs at you?Venus
69%
What term refers to the four humanoid mini-bosses in Mega Man I-IV?Mega Man Killers
63%
Whose watery weapon can corrode Mega man?Neptune
63%
What speed demon is shaped like a snow cat?Pluto
63%
What new friend helps Mega Man by rolling into a ball and bouncing into enemies?Tango
63%
What year was Mega Man I released?1991
56%
What year was Mega Man III released?1992
56%
What year was Mega Man II released?1992
56%
What year was Mega Man IV released?1993
56%
What year was Mega Man V released?1994
56%
What "Doomsday" weapon did Dr. Wily unearth?Sunstar
56%
Which weapons fire a ceiling-walking explosive that goes off on contact?Bubble Bomb
50%
Which weapon grabs energy from an enemy and brings it back to Mega Man?Grab Buster
50%
Which weapon reflects enemy fire back at them?Mirror Buster
50%
Which weapon fires an exploding projectile?Photon Missile
50%
Which weapon is a pogo stick?Sakugarne
50%
Which weapon fire multidirectional bombs?Ballade Cracker
44%
Which weapon creates an expanding vortex?Black Hole
44%
Which weapon lets Mega Man charge forward?Break Dash
44%
What re-assembling monster is a copy of the Yellow Devil?Dark Moon
44%
Which weapon throws boulders at the enemy?Deep Digger
44%
Which weapon tosses globs of liquid that burst into smaller segments?Salt Water
44%
Which weapon fires downward blades that bounce?Screw Crusher
44%
Which weapon is a homing laser?Spark Chaser
44%
Which weapon fires a lightning bolt from Mega Man's hand?Electric Shock
38%
What new item creates a platform directly beneath Mega Man?Carry
31%
What event is Mega Man attending at the beginning of Mega Man IV?Robot Master Expo
6%

Score Distribution

Percentile by Number Answered

Percent of People with Each Score

Your Score History

You have not taken this quiz